| Tag |
First Indicator |
Second Indicator |
Subfields |
| LEADER |
00000cam a22000001a 4500 |
| 001 |
in00003196331 |
| 006 |
m d f |
| 007 |
cr bn mmmapmmp |
| 008 |
090623s1959 dcu o f000 0 eng d |
| 005 |
20260604203757.0 |
| 035 |
|
|
|a cis2007428314
|
| 040 |
|
|
|a UMI
|c UMI
|d UtOrBLW
|
| 043 |
|
|
|a n-us---
|
| 086 |
0 |
|
|a Y 4.Im 7:L 11/pt.43
|
| 099 |
|
|
|a HRG-1959-IMF-0001
|
| 110 |
1 |
|
|a United States.
|b Congress.
|b Senate.
|b Select Committee on Improper Activities in the Labor or Management Field.
|
| 245 |
1 |
0 |
|a Investigation of Improper Activities in the Labor or Management Field.
|n Part 43 :
|b hearings before the United States Senate Select Committee on Improper Activities in the Labor or Management Field, Eighty-Sixth Congress, first session, on Jan. 27-29, Feb. 3, 1959.
|
| 264 |
|
1 |
|a Washington :
|b U.S. G.P.O.,
|c 1959.
|
| 300 |
|
|
|a 1 online resource.
|
| 336 |
|
|
|a text
|b txt
|2 rdacontent
|
| 337 |
|
|
|a computer
|b c
|2 rdamedia
|
| 338 |
|
|
|a online resource
|b cr
|2 rdacarrier
|
| 500 |
|
|
|a Record is based on bibliographic data in ProQuest Congressional Hearings Digital Collection. Reuse except for individual research requires license from ProQuest, LLC.
|
| 520 |
|
|
|a Continuation of hearings on investigation of alleged illegal or unethical relationships between various businesses and local labor unions of the International Brotherhood of Teamsters.
|
| 538 |
|
|
|a System requirements: PDF reader software.
|
| 500 |
|
|
|a Electronic resource.
|
| 610 |
2 |
0 |
|a International Brotherhood of Teamsters, Chauffeurs, Warehousemen, and Helpers of America
|x Corrupt practices.
|
| 650 |
|
0 |
|a Governmental investigations
|z United States.
|
| 655 |
|
7 |
|a Electronic books.
|2 local
|
| 710 |
2 |
|
|a ProQuest (Firm)
|
| 776 |
0 |
8 |
|i Print version:
|a United States. Congress. Senate. Select Committee on Improper Activities in the Labor or Management Field.
|t Investigation of Improper Activities in the Labor or Management Field
|
| 776 |
0 |
8 |
|i Microfiche version:
|a United States. Congress. Senate. Select Committee on Improper Activities in the Labor or Management Field.
|t Investigation of Improper Activities in the Labor or Management Field.
|d [Bethesda, Md.] : ProQuest,[2004]
|o CIS Hrgs MF Gp 3--(86) S1322-0-A
|w (ProQuest)cis10702357
|
| 830 |
|
0 |
|a U.S. Congressional Hearings.
|
| 856 |
4 |
0 |
|u http://proxy.library.tamu.edu/login?url=https://congressional.proquest.com/congcomp/getdoc?HEARING-ID=HRG-1959-IMF-0001
|z Connect to the full text of this electronic book
|t 0
|
| 998 |
|
|
|a cis10702357
|
| 999 |
|
|
|a MARS
|
| 999 |
f |
f |
|s 5495470a-1d1b-3c16-b1ab-4d7ee99f4663
|i cf795754-87c2-3a8d-b081-bf94abcc856b
|t 0
|
| 952 |
f |
f |
|a Texas A&M University
|b College Station
|c Electronic Resources
|s www_evans
|d Available Online
|t 0
|e HRG-1959-IMF-0001
|h Other scheme
|
| 998 |
f |
f |
|a HRG-1959-IMF-0001
|t 0
|l Available Online
|